000 01213nam a2200337 i 4500
003 EG-GICUC
005 20260414215830.0
008 260330s2004 ua ||||fr|||| 00| 0 ara d
017 _a2004/19360
020 _a977-04-4612-2
040 _a EG-GICUC
_bara
_c EG-GICUC
_d EG-GICUC
_erda
041 0 _hara
082 0 4 _221
_a345.6732
_bم ح . ا
092 0 4 _221
099 _aLaw1 07 345.6732 م ح . ا 1 ed - 2004
100 0 _aمحمد فوزي نويجي
_eمؤلف.
245 1 2 _aالعلم اليقيني بالقرار الإدارى /
_cدكـتور محمد فوزي نويجي.
250 _aالطبعة الأولى
264 1 _aالقاهرة :
_bدار النهضة العربية،
_c2004.
300 _a242 ؛ صفحة
_c24 سم.
336 _2rda content
_atext
337 _2rda media
_aComputer
338 _2rda carrier
_aOnline Resource
504 _aببليوجرافيا : صفحات 226-237.
546 _aالنص باللغة العربية
650 1 4 _aالقانون الإداري
650 1 4 _aالعلم اليقيني في حالة الادارة
856 4 0 _uhttps://fll.law.cu.edu.eg/fulltext/bks/B07-02409.pdf
905 _a77
942 _2ddc
_cBK
_e21
_n0
999 _c67598
_d67598